Search the Library Catalogue
| 000 -LEADER | |
|---|---|
| fixed length control field | 00748nam a2200229Ia 4500 |
| 008 - FIXED-LENGTH DATA ELEMENTS--GENERAL INFORMATION | |
| fixed length control field | 191130s2007##################000#0#eng## |
| 020 ## - INTERNATIONAL STANDARD BOOK NUMBER | |
| ISBN | 9780198234166 |
| 082 ## - DEWEY DECIMAL CLASSIFICATION NUMBER | |
| Classification number | 306.6 JAM |
| 100 ## - MAIN ENTRY--AUTHOR NAME | |
| Personal name | James, Wendy |
| 245 ## - TITLE STATEMENT | |
| Title | The listening ebony : moral knowledge, religion, and power among the Uduk of Sudan |
| Statement of responsibility, etc | Wendy James |
| 250 ## - EDITION STATEMENT | |
| Edition statement | Reprint |
| 260 ## - PUBLICATION, DISTRIBUTION, ETC. (IMPRINT) | |
| Place of publication | Oxford |
| Name of publisher | Clarendon Press ; Oxford University Press |
| Year of publication | 2007 |
| 300 ## - PHYSICAL DESCRIPTION | |
| Number of Pages | xv, 391 p., [13] p. of plates : ill. ; 23 cm |
| 500 ## - GENERAL NOTE | |
| General note | Includes index. Bibliography: p. [375]-376 |
| 650 ## - SUBJECT ADDED ENTRY--TOPICAL TERM | |
| Topical Term | Sudan - Religion |
| Topical Term | Uduk (African people) - Religion |
| 991 ## - | |
| -- | 313716 |
| Withdrawn status | Lost status | Damaged status | Not for loan | Home library | Current library | Shelving location | Date acquired | Full call number | Accession Number | Price effective from | Koha item type |
|---|---|---|---|---|---|---|---|---|---|---|---|
| Anna Centenary Library | Anna Centenary Library | 3RD FLOOR, B WING | 09.10.2020 | 306.6 JAM | 139280 | 09.10.2020 | English Books |